| 000 | 00957nam a22002657a 4500 | ||
|---|---|---|---|
| 005 | 20160229144555.0 | ||
| 010 | _a1516EN07 ENG-114830 | ||
| 020 |
_a9789332549555 _c550.00 |
||
| 035 | _aEN-98362 | ||
| 035 | _ab-613962-988 | ||
| 037 |
_aDPL _bTechniz/Ven |
||
| 037 | _bDBAD/PUB | ||
| 082 | _a519.535 | ||
| 100 | _aJohnson, Richard A. | ||
| 245 |
_aApplied multivariate statistical analysis / _cby Richard A.Johnson [and] Dean W. Wichern |
||
| 250 | _a6th ed | ||
| 260 |
_aNoida _bPearson Education _c2015 |
||
| 270 |
_a7th Floor,Knowledge Boulevard, A-(8) Sector-62, _bNoida _e201309 |
||
| 300 |
_a770p. : _c24cm(pbk) _bill. |
||
| 500 | _aIncludes index | ||
| 650 | _a Multivariate analysis. | ||
| 700 | _aWichern, Dean W. | ||
| 942 |
_2ddc _cEN _mJOH _h519.535 |
||
| 999 |
_c96009 _d96009 |
||